00521nam a2200193Ia 4500008004100000041001200041082001200053100004300065245004000108260003500148300000800183365000800191520001200199546001200211630004000223650001200263655001200275730004000287101110s9999 xx 000 0 und d aENGLISH bSR31183 aBhole K.G., Shroff Adarsh, Ranade A.J. aA new course in physics Vol.I FYBSc c2009b Sheth publishers,Mumbai a249 b125 aPhysics aENGLISH aA new course in physics Vol.I FYBSc aPhysics aPhysics aA new course in physics Vol.I FYBSc